Music Quiz

Random Music or Artist Quiz
Score 0/25 Timer 05:00
11 Plays Today
% Correct
Eminem
99%
Nicki Minaj
92.9%
Snoop Dogg
88.1%
Dr. Dre
85%
2Pac
84%
The Notorious B.I.G.
82%
OutKast
73.9%
Kanye West
71.2%
Ludacris
68.4%
Wiz Khalifa
65.1%
Lil Jon
60.5%
Nelly
56.8%
T.I.
54.5%
% Correct
MC Hammer
49.2%
Wu-Tang Clan
48.6%
T-Pain
47.7%
Big Sean
47.3%
Nas
46.4%
Kid Cudi
43.3%
Lil' Kim
42.2%
Eve
35.1%
Young Jeezy
25.5%
A Tribe Called Quest
23.3%
De La Soul
14%
Big Daddy Kane
11.6%
Remove Ads.
Support Sporcle.
Get the best of Sporcle when you Go Orange. This ad-free experience offers more features, more stats, and more fun while also helping to support Sporcle. Thank you for becoming a member.

You're not logged in!

Compare scores with friends on all Sporcle quizzes.
OR
Log In

Sporcle TV

Today on Sporcle TV


Watch our educational content, quiz creation guides, and fun videos on Sporcle TV.

Show Comments

Extras

Top Quizzes Today


Score Distribution

Paid Content

Your Account Isn't Verified!

In order to create a playlist on Sporcle, you need to verify the email address you used during registration. Go to your Sporcle Settings to finish the process.

Report this User

Report this user for behavior that violates our Community Guidelines.

Details: